000 00266nam a2200109Ia 4500
008 190216s9999||||xx |||||||||||||| ||und||
100 _aGupta Sl & Sumitra Pal
245 0 _aConsumer Behaviour
260 _bSulthan Chand&Sons
_c2001
300 _a543p
942 _cBK
999 _c5978
_d5978